Score 0/16 Timer 06:00
4 Plays Today
Hint Country % Correct
Country entirely in AsiaChina
98.4%
CountryRussia
97.6%
Country of South AmericaBrazil
95%
Country of North AmericaCanada
94.9%
Country of OceaniaAustralia
92.4%
Country ending in 'stan'Kazakhstan
76.7%
Country entirely in Europe (excluding autonomous areas)Ukraine
73%
Country of AfricaAlgeria
68.6%
Hint Country % Correct
Country beginning with a vowelUnited States
67.4%
Country with a 'J' in its nameJapan
50.2%
4-Letter countryIran
43.9%
Country ending in 'land'Thailand
30.1%
Member of OPECAlgeria
18.3%
Country without a militaryCosta Rica
14.6%
Country without an Olympic medalDemocratic Republic of Congo
10.5%
Non-UN memberTaiwan
9%
Remove Ads.
Support Sporcle.
Get the best of Sporcle when you Go Orange. This ad-free experience offers more features, more stats, and more fun while also helping to support Sporcle. Thank you for becoming a member.

You're not logged in!

Compare scores with friends on all Sporcle quizzes.
OR
Log In

Show Comments

Extras

Top Quizzes Today


Score Distribution

Your Account Isn't Verified!

In order to create a playlist on Sporcle, you need to verify the email address you used during registration. Go to your Sporcle Settings to finish the process.

Report this User

Report this user for behavior that violates our Community Guidelines.

Details: